[Event "Baden-Baden op"]
[Site "Baden-Baden"]
[Date "2024.02.12"]
[Round "6"]
[White "Pijpers, Arthur"]
[Black "Bellahcene, Bilel"]
[Result "1-0"]
[WhiteElo "2456"]
[BlackElo "2516"]
[PlyCount "63"]
[EventDate "2024.02.09"]
[EventType "swiss"]
[EventRounds "9"]
[EventCountry "GER"]
[SourceTitle "CB08_2024"]
[SourceDate "2024.02.21"]
[SourceVersion "1"]
[SourceVersionDate "2024.02.21"]
[SourceQuality "1"]

1. e4 e6 2. d4 d5 3. Nc3 Bb4 4. e5 c5 5. a3 Bxc3+ 6. bxc3 Nc6 7. Qg4 g6 8. a4 Qa5 9. Bd2 c4 10. h4 h6 11. Ne2 Bd7 12. Qf3 Rh7 13. g4 0-0-0 14. Bg2 Rf8 15. h5 g5 16. Qg3 f6 17. f4 fxe5 18. fxg5 hxg5 19. dxe5 Qc7 20. Bxg5 Qxe5 21. Be3 Qg7 22. g5 Nge7 23. g6 Nf5 24. Qg5 Rh6 25. Kd2 Nce7 26. Raf1 e5 27. Bc5 Rhh8 28. Bxe7 Nxe7 29. Rxf8+ Rxf8 30. h6 Qxg6 31. Qxe7 Re8 32. Qg7 1-0

[Event "Baden-Baden op"]
[Site "Baden-Baden"]
[Date "2024.02.12"]
[Round "7"]
[White "Schlosser, Philipp"]
[Black "Pijpers, Arthur"]
[Result "1/2-1/2"]
[WhiteElo "2509"]
[BlackElo "2456"]
[PlyCount "76"]
[EventDate "2024.02.09"]
[EventType "swiss"]
[EventRounds "9"]
[EventCountry "GER"]
[SourceTitle "CB08_2024"]
[SourceDate "2024.02.21"]
[SourceVersion "1"]
[SourceVersionDate "2024.02.21"]
[SourceQuality "1"]

1. Nf3 Nf6 2. c4 g6 3. Nc3 d5 4. cxd5 Nxd5 5. Qb3 Nb6 6. d4 Bg7 7. Bf4 Be6 8. Qc2 Nc6 9. Rd1 Nb4 10. Qb1 N4d5 11. Bg3 Nxc3 12. bxc3 Qd5 13. Bxc7 Qc6 14. Bxb6 Qxc3+ 15. Rd2 axb6 16. e3 0-0 17. Bd3 Rxa2 18. Ke2 Rxd2+ 19. Nxd2 Qc6 20. Be4 Qd6 21. h3 f5 22. Bxb7 Rb8 23. Bf3 b5 24. Rc1 b4 25. Rc6 Qd7 26. Nb3 Bf7 27. Nc5 Qa7 28. Na6 Rb6 29. Nxb4 e5 30. dxe5 Bxe5 31. Qe1 Rxc6 32. Bxc6 Qc5 33. Nd3 Bc4 34. Bf3 Bxd3+ 35. Kxd3 Qb5+ 36. Kc2 Qc4+ 37. Kd1 Qb3+ 38. Ke2 Qc4+ 1/2-1/2

[Event "Tata Steel Tienkamp"]
[Site "Wijk aan Zee"]
[Date "2024.01.23"]
[Round "5"]
[White "Pijpers, Arthur"]
[Black "Pastar, Slaven"]
[Result "1/2-1/2"]
[WhiteElo "2441"]
[BlackElo "2343"]
[PlyCount "53"]
[EventDate "2024.01.19"]
[EventType "tourn"]
[EventRounds "9"]
[EventCountry "NED"]
[EventCategory "6"]
[SourceTitle "CB05_2024"]
[SourceDate "2024.01.31"]
[SourceVersion "1"]
[SourceVersionDate "2024.01.31"]
[SourceQuality "1"]

1. e4 e5 2. Nf3 Nf6 3. d4 Nxe4 4. Bd3 Nc6 5. d5 Nf6 6. Nc3 Nb4 7. Nxe5 Be7 8. Be2 0-0 9. Nc4 d6 10. Bf4 c6 11. dxc6 bxc6 12. Nxd6 Bxd6 13. Bxd6 Nxc2+ 14. Qxc2 Qxd6 15. 0-0 Be6 16. Bf3 Rab8 17. b3 c5 18. Rad1 Qa6 19. Nd5 Nxd5 20. Bxd5 Bxd5 21. Rxd5 Rfc8 22. Rc1 c4 23. bxc4 Rxc4 24. Rcd1 Rf8 25. Qd2 g6 26. Ra5 Qb6 27. Ra3 1/2-1/2

[Event "Tata Steel Tienkamp"]
[Site "Wijk aan Zee"]
[Date "2024.01.22"]
[Round "4"]
[White "Baselmans, Luuk"]
[Black "Pijpers, Arthur"]
[Result "0-1"]
[WhiteElo "2323"]
[BlackElo "2441"]
[PlyCount "54"]
[EventDate "2024.01.19"]
[EventType "tourn"]
[EventRounds "9"]
[EventCountry "NED"]
[EventCategory "6"]
[SourceTitle "CB05_2024"]
[SourceDate "2024.01.31"]
[SourceVersion "1"]
[SourceVersionDate "2024.01.31"]
[SourceQuality "1"]

1. e4 c5 2. Nf3 d6 3. d4 cxd4 4. Nxd4 Nf6 5. Nc3 Nc6 6. Bg5 e6 7. Qd2 a6 8. 0-0-0 Bd7 9. Kb1 Be7 10. f3 Nxd4 11. Qxd4 b5 12. Qd2 Qc7 13. Bd3 b4 14. Ne2 a5 15. g4 a4 16. h4 0-0 17. e5 dxe5 18. Bxf6 Bxf6 19. g5 Be7 20. h5 b3 21. Rdg1 Rfd8 22. g6 Bb5 23. Nc1 bxc2+ 24. Ka1 Bxd3 25. Nxd3 a3 26. Qc1 Rxd3 27. h6 fxg6 0-1

[Event "NED-ch Blitz Pool-A"]
[Site "Rotterdam"]
[Date "2023.09.09"]
[Round "2"]
[White "Pijpers, Arthur"]
[Black "Schoppen, Casper"]
[Result "0-1"]
[WhiteElo "2442"]
[BlackElo "2522"]
[PlyCount "78"]
[EventDate "2023.09.09"]
[EventType "tourn (blitz)"]
[EventRounds "5"]
[EventCountry "NED"]
[EventCategory "11"]
[SourceTitle "EXT 2024"]
[Source "ChessBase"]
[SourceDate "2023.10.10"]
[SourceVersion "1"]
[SourceVersionDate "2023.10.10"]
[SourceQuality "1"]

1. e4 e5 2. Nf3 Nc6 3. Bc4 Nf6 4. Ng5 d5 5. exd5 b5 6. Bf1 Nxd5 7. Bxb5 Bb7 8. d4 exd4 9. 0-0 Be7 10. Qh5 g6 11. Qh6 Qd7 12. Re1 a6 13. Ba4 Nb6 14. Bb3 Nd5 15. Qg7 0-0-0 16. Qxf7 Rhe8 17. Qxd5 Qxd5 18. Bxd5 Bxg5 19. Rxe8 Rxe8 20. Bd2 Bxd2 21. Nxd2 Nb4 22. Bxb7+ Kxb7 23. Rc1 Nxa2 24. Rd1 Nb4 25. Kf1 Nxc2 26. Nb3 Kb6 27. g4 c5 28. Rd2 Nb4 29. f4 Re4 30. f5 gxf5 31. gxf5 Nd5 32. Kg2 Rf4 33. Nc1 Ne3+ 34. Kg3 Rxf5 35. Re2 c4 36. b3 Rf1 37. Na2 c3 38. Nb4 Rb1 39. Nd3 c2 0-1

[Event "Ghent op 44th"]
[Site "Ghent"]
[Date "2023.07.16"]
[Round "6"]
[White "Hausrath, Daniel"]
[Black "Pijpers, Arthur"]
[Result "1/2-1/2"]
[WhiteElo "2442"]
[BlackElo "2465"]
[PlyCount "61"]
[EventDate "2023.07.11"]
[EventType "swiss"]
[EventRounds "9"]
[EventCountry "BEL"]
[SourceTitle "EXT 2024"]
[Source "ChessBase"]
[SourceDate "2023.10.10"]
[SourceVersion "1"]
[SourceVersionDate "2023.10.10"]
[SourceQuality "1"]

1. Nf3 Nf6 2. g3 g6 3. Bg2 c5 4. 0-0 Bg7 5. c3 0-0 6. d4 cxd4 7. cxd4 d5 8. Nc3 Nc6 9. Ne5 Bf5 10. Bf4 Qb6 11. Na4 Qa5 12. Nxc6 bxc6 13. Be5 h5 14. h4 Bh6 15. Bxf6 exf6 16. e3 Rfe8 17. Re1 Bg4 18. Qc2 Bf5 19. Qd1 Re7 20. Rc1 Rae8 21. Kh2 Bg4 22. Qc2 Kg7 23. b3 Bf5 24. Qc3 Qd8 25. Qxc6 Qb8 26. Rc5 Bd7 27. Qc7 Qb4 28. Qa5 Qb8 29. Qc7 Qb4 30. Qa5 Qb8 31. Qc7 1/2-1/2

[Event "NED-ch KO"]
[Site "Utrecht"]
[Date "2023.07.03"]
[Round "1.1"]
[White "Warmerdam, Max"]
[Black "Pijpers, Arthur"]
[Result "1-0"]
[WhiteElo "2602"]
[BlackElo "2465"]
[PlyCount "121"]
[EventDate "2023.07.02"]
[EventType "k.o."]
[EventRounds "4"]
[EventCountry "NED"]
[SourceTitle "CBM 215 Extra"]
[Source "ChessBase"]
[SourceDate "2023.09.30"]
[SourceVersion "1"]
[SourceVersionDate "2023.09.30"]
[SourceQuality "1"]

1. c4 Nf6 2. Nf3 g6 3. Nc3 c5 4. e4 Nc6 5. d4 cxd4 6. Nxd4 Nxd4 7. Qxd4 d6 8. Be2 Bg7 9. 0-0 0-0 10. Qe3 Be6 11. Bd2 Qb6 12. Rab1 Qxe3 13. Bxe3 Rfc8 14. b3 a6 15. Rfc1 Nd7 16. Nd5 Bxd5 17. cxd5 h5 18. h3 Nc5 19. f3 b5 20. Bd2 Rab8 21. a3 Kf8 22. g3 Ke8 23. Kg2 h4 24. gxh4 Kd7 25. Rc2 Bf6 26. Be1 Rh8 27. b4 Na4 28. Rbc1 Rbc8 29. f4 Rxc2 30. Rxc2 Bxh4 31. Bg4+ e6 32. Bxh4 Rxh4 33. Rc6 f5 34. Kg3 Rh8 35. Rxa6 Ke7 36. exf5 gxf5 37. Bf3 exd5 38. Bxd5 Nc3 39. Ra7+ Kf6 40. Rd7 Ne2+ 41. Kf3 Nc3 42. Kg2 Ne4 43. Rf7+ Kg6 44. Rc7 Kf6 45. Rf7+ Kg6 46. Re7 Nc3 47. Re6+ Kg7 48. Rxd6 Ne2 49. Kf3 Nc3 50. Kg2 Ne2 51. Kf3 Nc3 52. Ke3 Rxh3+ 53. Bf3 Rh8 54. Rd3 Rc8 55. Kd4 Na4 56. Ke5 Nb2 57. Rd7+ Kg6 58. Rd6+ Kg7 59. Kxf5 Nc4 60. Rd3 Rf8+ 61. Kg5 1-0

[Event "Alicante Easter op 7th"]
[Site "La Nucia"]
[Date "2023.04.09"]
[Round "8"]
[White "Poormosavi, Seyed Kian"]
[Black "Pijpers, Arthur"]
[Result "0-1"]
[WhiteElo "2418"]
[BlackElo "2474"]
[PlyCount "76"]
[EventDate "2023.04.05"]
[EventType "swiss"]
[EventRounds "9"]
[EventCountry "ESP"]
[SourceTitle "CBM 213 Extra"]
[Source "ChessBase"]
[SourceDate "2023.05.31"]
[SourceVersion "1"]
[SourceVersionDate "2023.05.31"]
[SourceQuality "1"]

1. Nf3 d5 2. b3 Nf6 3. Bb2 Bf5 4. e3 e6 5. Be2 h6 6. c4 Bd6 7. 0-0 0-0 8. cxd5 exd5 9. d3 c6 10. Nbd2 a5 11. a3 Nbd7 12. Re1 Re8 13. Nf1 Ne5 14. Nxe5 Bxe5 15. Bxe5 Rxe5 16. d4 Re8 17. Ng3 Qd7 18. b4 axb4 19. axb4 b5 20. Qc1 Bg6 21. Qc5 Qb7 22. Rxa8 Rxa8 23. Rc1 Ra6 24. h4 Qd7 25. h5 Ne4 26. Nxe4 Bxe4 27. f3 Bf5 28. g4 Be6 29. Bd3 f5 30. Bb1 Qd8 31. Qc2 Qg5 32. Re1 fxg4 33. Qh7+ Kf8 34. Qg6 Qh4 35. Re2 Ra1 36. Rg2 Qe1+ 37. Kh2 Rxb1 38. Rxg4 Qf2+ 0-1

[Event "Alicante Easter op 7th"]
[Site "La Nucia"]
[Date "2023.04.08"]
[Round "6"]
[White "Domingo Nunez, Alejandro"]
[Black "Pijpers, Arthur"]
[Result "1/2-1/2"]
[WhiteElo "2335"]
[BlackElo "2474"]
[PlyCount "49"]
[EventDate "2023.04.05"]
[EventType "swiss"]
[EventRounds "9"]
[EventCountry "ESP"]
[SourceTitle "CBM 213 Extra"]
[Source "ChessBase"]
[SourceDate "2023.05.31"]
[SourceVersion "1"]
[SourceVersionDate "2023.05.31"]
[SourceQuality "1"]

1. e4 c5 2. Nc3 g6 3. Nf3 Bg7 4. d4 cxd4 5. Nxd4 Nc6 6. Be3 Nf6 7. Bc4 0-0 8. Bb3 d6 9. f3 Bd7 10. Qd2 Rc8 11. 0-0-0 Nxd4 12. Bxd4 b5 13. Nd5 Nxd5 14. exd5 Bxd4 15. Qxd4 a5 16. a3 b4 17. axb4 axb4 18. Rhe1 Re8 19. Re3 Qa5 20. Rde1 Ba4 21. Bxa4 Qxa4 22. b3 Qa2 23. R1e2 Rc5 24. c4 Qa7 25. Kd1 1/2-1/2

[Event "BEL-chT 2223"]
[Site "Belgium"]
[Date "2023.03.05"]
[Round "8.1"]
[White "Baselmans, Luuk"]
[Black "Pijpers, Arthur"]
[Result "0-1"]
[WhiteElo "2263"]
[BlackElo "2471"]
[PlyCount "94"]
[EventDate "2022.09.25"]
[EventType "team-tourn"]
[EventRounds "11"]
[EventCountry "BEL"]
[SourceTitle "CBM 213 Extra"]
[Source "ChessBase"]
[SourceDate "2023.05.31"]
[SourceVersion "1"]
[SourceVersionDate "2023.05.31"]
[SourceQuality "1"]
[WhiteTeam "Brasschaat"]
[BlackTeam "KGSRL"]
[WhiteTeamCountry "BEL"]
[BlackTeamCountry "BEL"]

1. e4 e5 2. Nf3 Nc6 3. Bc4 Nf6 4. d4 exd4 5. 0-0 Nxe4 6. Re1 d5 7. Bxd5 Qxd5 8. Nc3 Qh5 9. Nxe4 Be6 10. Bg5 Bd6 11. Nxd6+ cxd6 12. Bf4 Qd5 13. c3 Qf5 14. Bg3 dxc3 15. Qxd6 cxb2 16. Rab1 Rd8 17. Qa3 Rd3 18. Qxb2 0-0 19. Qxb7 Bd5 20. Nh4 Qf6 21. Qb5 Rd2 22. Qc5 g5 23. Nf3 Bxf3 24. Qe3 Rxa2 25. gxf3 Nd4 26. Red1 Nxf3+ 27. Kg2 Nh4+ 28. Bxh4 gxh4 29. Qd4 h3+ 30. Kxh3 Qf3+ 31. Kh4 Qxf2+ 32. Qxf2 Rxf2 33. Kg3 Rf6 34. Ra1 a6 35. Ra3 Rb8 36. h4 Rb4 37. Rd5 Rg6+ 38. Rg5 Rxg5+ 39. hxg5 Rb6 40. Kg4 Kg7 41. Kh5 h6 42. gxh6+ Rxh6+ 43. Kg5 Rb6 44. Kf5 Rb5+ 45. Ke4 a5 46. Kd4 Rg5 47. Ra1 a4 0-1

[Event "Tata Steel Qualifier 85th"]
[Site "Wijk aan Zee"]
[Date "2023.01.24"]
[Round "5"]
[White "Pijpers, Arthur"]
[Black "Pham, Khoi"]
[Result "1-0"]
[WhiteElo "2445"]
[BlackElo "2353"]
[PlyCount "47"]
[EventDate "2023.01.20"]
[EventType "tourn"]
[EventRounds "9"]
[EventCountry "NED"]
[EventCategory "5"]
[SourceTitle "CBM 212 Extra"]
[Source "ChessBase"]
[SourceDate "2023.03.31"]
[SourceVersion "1"]
[SourceVersionDate "2023.03.31"]
[SourceQuality "1"]

1. e4 c5 2. Nc3 d6 3. Nge2 Nf6 4. g3 g6 5. d4 cxd4 6. Nxd4 Nc6 7. Nxc6 bxc6 8. e5 dxe5 9. Qxd8+ Kxd8 10. Bg2 Kc7 11. 0-0 Be6 12. Re1 Nd7 13. b4 Rb8 14. b5 cxb5 15. a4 a6 16. axb5 axb5 17. Ra7+ Kc8 18. Bc6 b4 19. Na4 Nb6 20. Rxe5 Bg7 21. Rb5 Nc4 22. Bf4 Nd6 23. Rxb8+ Kxb8 24. Rxe7 1-0

[Event "Tata Steel Qualifier 85th"]
[Site "Wijk aan Zee"]
[Date "2023.01.22"]
[Round "3"]
[White "Pijpers, Arthur"]
[Black "Culum, Sanjin"]
[Result "1-0"]
[WhiteElo "2445"]
[BlackElo "2242"]
[PlyCount "99"]
[EventDate "2023.01.20"]
[EventType "tourn"]
[EventRounds "9"]
[EventCountry "NED"]
[EventCategory "5"]
[SourceTitle "CBM 212 Extra"]
[Source "ChessBase"]
[SourceDate "2023.03.31"]
[SourceVersion "1"]
[SourceVersionDate "2023.03.31"]
[SourceQuality "1"]

1. e4 c5 2. Nf3 Nc6 3. Bb5 g6 4. 0-0 Bg7 5. Bxc6 dxc6 6. d3 Nf6 7. Re1 0-0 8. h3 Ne8 9. e5 Nc7 10. a4 a5 11. Be3 Ne6 12. Qc1 Re8 13. Nbd2 b6 14. Ne4 Nd4 15. Bxd4 cxd4 16. Qf4 Qd5 17. Re2 h6 18. Rae1 Be6 19. Ned2 c5 20. b3 Qc6 21. h4 b5 22. Ra1 bxa4 23. Rxa4 Bd7 24. Nc4 Qc7 25. Ra3 h5 26. Qd2 a4 27. e6 Bxe6 28. Rxe6 fxe6 29. bxa4 Rf8 30. Qe2 Ra6 31. Ra1 Qf4 32. a5 e5 33. Rb1 Raf6 34. Qxe5 Qg4 35. Qg5 Qc8 36. Qd5+ Kh8 37. Nce5 Qf5 38. Qxc5 Re6 39. Re1 g5 40. hxg5 h4 41. Qxd4 h3 42. Qh4+ Kg8 43. Qc4 hxg2 44. Nd7 Rf7 45. Qxe6 Qxf3 46. Nf6+ Bxf6 47. g6 Kg7 48. Qxf7+ Kh6 49. Qh7+ Kg5 50. g7 1-0

[Event "BEL-chT 2223"]
[Site "Belgium"]
[Date "2022.12.04"]
[Round "5.4"]
[White "Fiebig, Thomas"]
[Black "Pijpers, Arthur"]
[Result "1/2-1/2"]
[WhiteElo "2418"]
[BlackElo "2471"]
[PlyCount "50"]
[EventDate "2022.09.25"]
[EventType "team-tourn"]
[EventRounds "11"]
[EventCountry "BEL"]
[SourceTitle "CBM 213 Extra"]
[Source "ChessBase"]
[SourceDate "2023.05.31"]
[SourceVersion "1"]
[SourceVersionDate "2023.05.31"]
[SourceQuality "1"]
[WhiteTeam "Eupen Rochade"]
[BlackTeam "KGSRL"]
[WhiteTeamCountry "BEL"]
[BlackTeamCountry "BEL"]

1. e4 c5 2. c3 Nf6 3. e5 Nd5 4. Nf3 d6 5. d4 cxd4 6. cxd4 Nc6 7. Bc4 Nb6 8. Bb5 dxe5 9. Nxe5 Bd7 10. Nxd7 Qxd7 11. Nc3 e6 12. 0-0 a6 13. Bxc6 Qxc6 14. Be3 Nd5 15. Rc1 Be7 16. Qf3 Nxc3 17. Qxc6+ bxc6 18. Rxc3 Kd7 19. Rfc1 Rhc8 20. Kf1 a5 21. g3 g5 22. g4 f5 23. h3 Rab8 24. b3 f4 25. Bd2 Bb4 1/2-1/2

[Event "NED-chT 2223"]
[Site "Netherlands"]
[Date "2022.10.08"]
[Round "2.6"]
[White "Zaragatski, Ilja"]
[Black "Pijpers, Arthur"]
[Result "1-0"]
[WhiteElo "2509"]
[BlackElo "2458"]
[PlyCount "65"]
[EventDate "2022.09.17"]
[EventType "team-tourn"]
[EventRounds "9"]
[EventCountry "NED"]
[SourceTitle "CBM 213 Extra"]
[Source "ChessBase"]
[SourceDate "2023.05.31"]
[SourceVersion "1"]
[SourceVersionDate "2023.05.31"]
[SourceQuality "1"]
[WhiteTeam "Groningen Combinatie"]
[BlackTeam "Leiden LSG"]
[WhiteTeamCountry "NED"]
[BlackTeamCountry "NED"]

1. d4 Nf6 2. Nf3 g6 3. c4 Bg7 4. e3 0-0 5. Be2 c5 6. d5 e6 7. Nc3 exd5 8. cxd5 d6 9. 0-0 a6 10. a4 Nbd7 11. Nd2 Re8 12. e4 Ne5 13. h3 g5 14. f4 gxf4 15. Rxf4 Ng6 16. Rf1 Nd7 17. Nc4 Nde5 18. Ne3 Nh4 19. g3 Bxh3 20. gxh4 Qxh4 21. Qe1 Qg5+ 22. Kh1 Bxf1 23. Nxf1 Qg6 24. Qh4 Nd7 25. Bh5 Qf6 26. Bg5 Qe5 27. Nd2 Bf6 28. Rg1 Kh8 29. Nf3 Qe7 30. e5 Bxg5 31. Nxg5 Rf8 32. exd6 Qf6 33. Bg4 1-0

[Event "EU-Cup 37th"]
[Site "Mayrhofen"]
[Date "2022.10.07"]
[Round "5.1"]
[White "Pijpers, Arthur"]
[Black "Tabatabaei, Mohammad Amin"]
[Result "0-1"]
[WhiteElo "2455"]
[BlackElo "2657"]
[PlyCount "116"]
[EventDate "2022.10.03"]
[EventType "team-swiss"]
[EventRounds "7"]
[EventCountry "AUT"]
[SourceTitle "CBM 210 Extra"]
[Source "ChessBase"]
[SourceDate "2022.11.30"]
[SourceVersion "1"]
[SourceVersionDate "2022.11.30"]
[SourceQuality "1"]
[WhiteTeam "Leiden LSG"]
[BlackTeam "Bayern Muenchen"]
[WhiteTeamCountry "NED"]
[BlackTeamCountry "GER"]

1. e4 e5 2. Nf3 Nc6 3. Bb5 Nf6 4. 0-0 Nxe4 5. d4 Nd6 6. dxe5 Nxb5 7. a4 d6 8. e6 Bxe6 9. axb5 Ne5 10. Nd4 g6 11. Re1 Qf6 12. b6 cxb6 13. Nb5 Qd8 14. f4 Nc6 15. N1c3 Bg7 16. f5 gxf5 17. Nxd6+ Kf8 18. Bf4 Qh4 19. Ra4 Rd8 20. Qc1 Qh5 21. Ncb5 Qg6 22. Nxa7 Bd5 23. Qd2 Nd4 24. Kh1 Nf3 25. Qxd5 Nxe1 26. Nab5 Qe6 27. Qxe6 fxe6 28. Bg5 Rxd6 29. Nxd6 Bxb2 30. Ra7 Kg7 31. Rxb7+ Kg6 32. Rxb6 Ra8 33. h4 Ra1 34. g4 fxg4 35. Nb5 Nf3+ 36. Kg2 Nxg5 37. hxg5 Kxg5 38. Nc7 Bf6 39. Rxe6 h5 40. Nd5 Bd4 41. c3 Rg1+ 42. Kh2 Bf2 43. Ne7 h4 44. Re5+ Kf6 45. Rf5+ Kxe7 46. Rxf2 Rc1 47. Rf4 g3+ 48. Kg2 Rc2+ 49. Kg1 h3 50. Rf1 Ke6 51. c4 Ke5 52. c5 Rxc5 53. Ra1 Kf5 54. Rb1 Kg5 55. Ra1 Re5 56. Rb1 Kg4 57. Ra1 Rf5 58. Rb1 h2+ 0-1